Vzdelanie a hodnoty, ktoré odovzdávame študentom, sú odrazom toho, kam smerujeme

Bibliographic Details
Main Authors: Baumann, Martina (Author, Interviewer), Kiska, Andrej, 1963- (Author)
Format: Article
Language:Slovak
PhysicalDescription:Fotogr.
ISSN:0139-5769
Subjects:
Online Access:www.ucitelskenoviny.eu

MARC

LEADER 00000nab a2200000 ar4500
001 vtls011589476
003 SK-MaSNL
005 20260426071800.0
008 161027c2016 xo sr|p||| |000 b|slo
015 |a SNBRB2016/10 
038 |a SPK 
040 |a SPKCL  |b slo  |c AACR2  |e AACR2 
041 0 |a slo 
044 |a xo  |c SK 
072 7 |a 37.014  |x Vzdelávacia a výchovná politika  |2 konspekt 
080 |a 37.091  |x (437.6)  |2 2011 
080 |a 37.014  |2 2011 
100 1 |a Baumann, Martina  |4 ivr  |4 aut  |9 267466 
245 1 0 |a Vzdelanie a hodnoty, ktoré odovzdávame študentom, sú odrazom toho, kam smerujeme  |c Martina Baumann, Andrej Kiska 
300 |b Fotogr. 
610 2 7 |a Teach for Slovakia (program)  |2 snkbucl  |9 1327264 
650 0 7 |a školstvo  |2 snkbucl  |9 19712 
650 0 7 |a školská politika  |2 snkbucl  |9 3200 
650 0 7 |a učiteľský status  |2 snkbucl  |9 1089896 
651 7 |a Slovensko  |2 snkbucl  |9 14231 
655 7 |a rozhovory  |2 snkbucl  |9 31831 
700 1 |a Kiska, Andrej,  |d 1963-  |4 ive  |4 aut  |9 116882 
773 0 |t Učiteľské noviny  |g Roč. LXIII, č. 8 (2016), s. 5  |x 0139-5769 
852 |a SPK  |b KIS3GCP 
856 4 1 |u www.ucitelskenoviny.eu 
999 |c 2682003  |d 2683933